<?xml version="1.0" encoding="UTF-8"?>
<collection xmlns="http://www.loc.gov/MARC21/slim">
 <record>
  <leader>01723aam a22002538a 4500</leader>
  <controlfield tag="001">NCT_8330</controlfield>
  <controlfield tag="008">160107s2015                  ||||||viesd</controlfield>
  <datafield tag="999" ind1=" " ind2=" ">
   <subfield code="c">421</subfield>
   <subfield code="d">421</subfield>
  </datafield>
  <datafield tag="020" ind1=" " ind2=" ">
   <subfield code="a">9786040078902</subfield>
   <subfield code="c">90000</subfield>
  </datafield>
  <datafield tag="082" ind1="0" ind2="4">
   <subfield code="2">23rd ed.</subfield>
   <subfield code="a">546</subfield>
   <subfield code="b">Đ450/Q.1</subfield>
  </datafield>
  <datafield tag="100" ind1="1" ind2=" ">
   <subfield code="a">Vũ Đăng Độ</subfield>
  </datafield>
  <datafield tag="245" ind1="1" ind2="0">
   <subfield code="a">Hoá học vô cơ</subfield>
   <subfield code="n">Quyển 1</subfield>
   <subfield code="p">Các nguyên tố s và p</subfield>
   <subfield code="c">Vũ Đăng Độ, Triệu Thị Nguyệt</subfield>
  </datafield>
  <datafield tag="250" ind1=" " ind2=" ">
   <subfield code="a">Tái bản lần thứ 3</subfield>
  </datafield>
  <datafield tag="260" ind1=" " ind2=" ">
   <subfield code="a">H.</subfield>
   <subfield code="b">Giáo dục</subfield>
   <subfield code="c">2015</subfield>
  </datafield>
  <datafield tag="300" ind1=" " ind2=" ">
   <subfield code="a">378tr.</subfield>
   <subfield code="b">hình vẽ, bảng</subfield>
   <subfield code="c">27cm</subfield>
  </datafield>
  <datafield tag="520" ind1="3" ind2=" ">
   <subfield code="a">Trình bày nguồn gốc các nguyên tố hoá học, sự phân bố các nguyên tố trên trái đất, sự đối xứng và ứng dụng lí thuyết nhóm trong hoá học vô cơ... Giới thiệu đặc điểm chung, đơn chất, các hợp chất, phức chất, vai trò sinh học của các nguyên tố s và p như hiđro, các nguyên tố nhóm IA, IIA, IIIA, IVA, VA...</subfield>
  </datafield>
  <datafield tag="653" ind1=" " ind2=" ">
   <subfield code="a">Hóa học vô cơ</subfield>
  </datafield>
  <datafield tag="655" ind1=" " ind2=" ">
   <subfield code="a">Công nghệ Kỹ thuật hóa học</subfield>
  </datafield>
  <datafield tag="700" ind1="1" ind2=" ">
   <subfield code="a">Triệu Thị Nguyệt</subfield>
  </datafield>
  <datafield tag="942" ind1=" " ind2=" ">
   <subfield code="2">ddc</subfield>
   <subfield code="c">BK</subfield>
  </datafield>
  <datafield tag="952" ind1=" " ind2=" ">
   <subfield code="0">0</subfield>
   <subfield code="1">0</subfield>
   <subfield code="2">ddc</subfield>
   <subfield code="4">0</subfield>
   <subfield code="6">546_000000000000000_Đ450_Q_1</subfield>
   <subfield code="7">0</subfield>
   <subfield code="9">2296</subfield>
   <subfield code="a">000001</subfield>
   <subfield code="b">000001</subfield>
   <subfield code="d">2017-10-26</subfield>
   <subfield code="o">546 Đ450/Q.1</subfield>
   <subfield code="p">MD.08986</subfield>
   <subfield code="r">2017-10-26</subfield>
   <subfield code="v">90000.00</subfield>
   <subfield code="w">2017-10-26</subfield>
   <subfield code="y">BK</subfield>
  </datafield>
  <datafield tag="952" ind1=" " ind2=" ">
   <subfield code="0">0</subfield>
   <subfield code="1">0</subfield>
   <subfield code="2">ddc</subfield>
   <subfield code="4">0</subfield>
   <subfield code="6">546_000000000000000_Đ450_Q_1</subfield>
   <subfield code="7">0</subfield>
   <subfield code="9">2297</subfield>
   <subfield code="a">000001</subfield>
   <subfield code="b">000001</subfield>
   <subfield code="d">2017-10-26</subfield>
   <subfield code="l">1</subfield>
   <subfield code="o">546 Đ450/Q.1</subfield>
   <subfield code="p">MD.08987</subfield>
   <subfield code="r">2017-11-29</subfield>
   <subfield code="s">2017-11-15</subfield>
   <subfield code="v">90000.00</subfield>
   <subfield code="w">2017-10-26</subfield>
   <subfield code="y">BK</subfield>
  </datafield>
  <datafield tag="952" ind1=" " ind2=" ">
   <subfield code="0">0</subfield>
   <subfield code="1">0</subfield>
   <subfield code="2">ddc</subfield>
   <subfield code="4">0</subfield>
   <subfield code="6">546_000000000000000_Đ450_Q_1</subfield>
   <subfield code="7">0</subfield>
   <subfield code="9">2298</subfield>
   <subfield code="a">000001</subfield>
   <subfield code="b">000001</subfield>
   <subfield code="d">2017-10-26</subfield>
   <subfield code="o">546 Đ450/Q.1</subfield>
   <subfield code="p">MD.08988</subfield>
   <subfield code="r">2017-10-26</subfield>
   <subfield code="v">90000.00</subfield>
   <subfield code="w">2017-10-26</subfield>
   <subfield code="y">BK</subfield>
  </datafield>
  <datafield tag="980" ind1=" " ind2=" ">
   <subfield code="a">Thư viện Trường Đại học Nam Cần Thơ</subfield>
  </datafield>
 </record>
</collection>
